000 00468nam a22001817a 4500
003 MPLRDC
005 20220104124202.0
008 210129b ||||| |||| 00| 0 eng d
082 _a889 JMMZ v.1474
100 _a卡洛琳. 宝伦
245 _a撒旦的俘虏. 上
_c筱亚译
250 _a初版
260 _a
_b精美出版社
_c1991
300 _b
490 _a精美名著. 1474
650 _a西洋小说之中文翻译
942 _cBK
_o889 JMMZ v.1474
999 _c17323
_d17313